Best Scorer In NBA (Regular Season) - Statistics

General Stats
  • This quiz has been taken 89 times
  • The average score is 8 of 15
Answer Stats
Hint Answer % Correct
37 062 pts LeBron James
93%
32 292 pts Michael Jordan
92%
33 643 pts Kobe Bryant
87%
31 419 pts Wilt Chamberlain
75%
38 387 pts Kareem Abdul-Jabbar
72%
28 596 pts Shaquille O'Neal
62%
36 928 pts Karl Malone
59%
27 409 pts Moses Malone
55%
26 496 pts Tim Duncan
47%
31 560 pts Dirk Nowitzki
45%
28 289 pts Carmelo Anthony
37%
26 946 pts Hakeem Olajuwon
33%
27 313 pts Elvin Hayes
12%
26 668 pts Dominique Wilkins
11%
26 710 pts Oscar Robertson
3%
No matching quizzes found
Score Distribution
Percent of People with Each Score
Percentile by Number Answered
Your Score History
You have not taken this quiz